| 000 | 00593nam a2200181 4500 | ||
|---|---|---|---|
| 001 | 148434 | ||
| 003 | ES-MaACL | ||
| 005 | 20230906202630.0 | ||
| 007 | t| | ||
| 008 | 070214s1973 sp r ||||1| spa d | ||
| 100 | 1 |
_aStein, George H. _9108028 |
|
| 245 | 1 | 4 |
_aLas SS _b: tropas escogidas de Hitler durante la guerra : 1939-1945 / _cGeorge H. Stein ; versión de Joaquín Adsúar. |
| 250 | _a1ª. ed. | ||
| 260 |
_aBarcelona : _bLuis de Caralt, _c1973. |
||
| 300 |
_a370 p., 5 lám. : _bil. ; _c22 cm. |
||
| 700 | 1 |
_aAdsuar Ortega, Joaquín. _918492 |
|
| 852 |
_aES-MaACL _jC-54736 _bR.87091 |
||
| 999 |
_c148434 _d148434 |
||